[Event "Montreal Pere Noel op"]
[Site "Montreal"]
[Date "2022.12.30"]
[Round "5"]
[White "Nica, Ion"]
[Black "Singher, Jean Pierre"]
[Result "1/2-1/2"]
[WhiteElo "1671"]
[BlackElo "1934"]
[PlyCount "35"]
[EventDate "2022.12.27"]
[EventType "swiss"]
[EventRounds "5"]
[EventCountry "CAN"]
[SourceTitle "CBM 211 Extra"]
[Source "ChessBase"]
[SourceDate "2023.01.31"]
[SourceVersion "1"]
[SourceVersionDate "2023.01.31"]
[SourceQuality "1"]

1. d4 Nf6 2. c4 e6 3. Nc3 d5 4. cxd5 exd5 5. Bg5 Be7 6. e3 0-0 7. Bd3 Nbd7 8. Qc2 Re8 9. Nge2 a6 10. 0-0 h6 11. Bh4 b6 12. Rac1 Bb7 13. f3 c5 14. Qd2 cxd4 15. Nxd4 Ne5 16. Bb1 Nc4 17. Qd3 g5 18. b3 1/2-1/2

[Event "Quebec op"]
[Site "Laval"]
[Date "2022.09.05"]
[Round "7"]
[White "Wiebe, Isaac"]
[Black "Nica, Ion"]
[Result "1-0"]
[WhiteElo "2010"]
[BlackElo "1674"]
[PlyCount "127"]
[EventDate "2022.09.01"]
[EventType "swiss"]
[EventRounds "9"]
[EventCountry "CAN"]
[SourceTitle "CBM 210 Extra"]
[Source "ChessBase"]
[SourceDate "2022.11.30"]
[SourceVersion "1"]
[SourceVersionDate "2022.11.30"]
[SourceQuality "1"]

1. Nf3 Nf6 2. c4 c6 3. e3 e6 4. d4 d5 5. Nbd2 Nbd7 6. Bd3 Bd6 7. 0-0 e5 8. cxd5 Nxd5 9. Nc4 Qc7 10. e4 N5b6 11. Nxd6+ Qxd6 12. Be3 0-0 13. Rc1 Re8 14. a4 exd4 15. Bxd4 Nf8 16. a5 Nbd7 17. e5 Qc7 18. b4 Ne6 19. Bc3 Ndf8 20. Re1 Nf4 21. Bf1 Bg4 22. Qd2 N8g6 23. Ng5 Rad8 24. Qe3 Nd5 25. Qg3 Nxc3 26. Qxg4 Nd5 27. e6 Nh8 28. Qf5 g6 29. Qh3 f5 30. Bc4 Re7 31. Rcd1 Qf4 32. Bxd5 Qxg5 33. Bb3 Rxd1 34. Rxd1 Kg7 35. Qd3 Qf6 36. Qd8 g5 37. Qb8 a6 38. Qd6 Ng6 39. g3 Qe5 40. Qd8 h5 41. Qd2 f4 42. Re1 Qf6 43. Qe2 f3 44. Qe4 g4 45. h3 Qg5 46. Rd1 Qe5 47. Rd4 Qxe4 48. Rxe4 gxh3 49. Re3 Nf8 50. Kh2 Nh7 51. Rxf3 Ng5 52. Re3 Kf6 53. f4 Nh7 54. Kxh3 Rg7 55. Re5 Nf8 56. Rxh5 Ke7 57. Kg2 Nh7 58. Kf3 Nf6 59. Rh4 Nd5 60. Bxd5 cxd5 61. f5 Kf6 62. Kf4 d4 63. Rh6+ Ke7 64. f6+ 1-0

[Event "Montreal Mercredi 02"]
[Site "Montreal"]
[Date "2019.03.13"]
[Round "4"]
[White "Gauthier, Luc"]
[Black "Nica, Ion"]
[Result "1/2-1/2"]
[WhiteElo "1631"]
[BlackElo "1660"]
[PlyCount "67"]
[EventDate "2019.02.20"]
[EventType "swiss"]
[EventRounds "5"]
[EventCountry "CAN"]
[SourceTitle "EXT 2022"]
[Source "ChessBase"]
[SourceDate "2021.10.06"]
[SourceVersion "1"]
[SourceVersionDate "2021.10.06"]
[SourceQuality "1"]

1. e4 c6 2. d4 d5 3. f3 e6 4. Nc3 Qb6 5. a3 Nd7 6. Be3 Ngf6 7. e5 Nxe5 8. Na4 Qa5+ 9. Nc3 Ng6 10. h4 Bd6 11. Nge2 Qc7 12. Qd2 Nh5 13. 0-0-0 b5 14. g4 Ng3 15. Nxg3 Bxg3 16. Bd3 Nf4 17. Ne2 Nxe2+ 18. Bxe2 Bd6 19. f4 a5 20. h5 a4 21. c3 Bd7 22. Kb1 c5 23. dxc5 Bxc5 24. Bxc5 Qxc5 25. Qd4 Qxd4 26. Rxd4 Rc8 27. Rhd1 Rc5 28. Re1 Bc6 29. Bd3 g6 30. h6 Kd8 31. g5 Re8 32. Re5 Re7 33. Bf1 Ke8 34. Bd3 1/2-1/2

[Event "Montreal Mercredi 02"]
[Site "Montreal"]
[Date "2019.03.06"]
[Round "3"]
[White "Audet, Eric"]
[Black "Nica, Ion"]
[Result "1/2-1/2"]
[WhiteElo "1669"]
[BlackElo "1660"]
[PlyCount "60"]
[EventDate "2019.02.20"]
[EventType "swiss"]
[EventRounds "5"]
[EventCountry "CAN"]
[SourceTitle "EXT 2022"]
[Source "ChessBase"]
[SourceDate "2021.10.06"]
[SourceVersion "1"]
[SourceVersionDate "2021.10.06"]
[SourceQuality "1"]

1. e4 c5 2. Nf3 d6 3. d4 cxd4 4. Nxd4 Nf6 5. Nc3 g6 6. Be2 Bg7 7. Be3 a6 8. Qd2 h6 9. f3 b5 10. a3 Bb7 11. 0-0-0 Nbd7 12. g4 Rc8 13. h4 Nc5 14. g5 hxg5 15. hxg5 Rxh1 16. Rxh1 Nfxe4 17. fxe4 Nxe4 18. Nxe4 Bxe4 19. Rh4 d5 20. Bd3 e5 21. Bxe4 exd4 22. Bxd4 Bxd4 23. Bxg6 fxg6 24. Rxd4 Rc5 25. b4 Rc6 26. Rxd5 Qb6 27. Qe1+ Re6 28. Re5 Kd7 29. Rd5+ Ke7 30. Re5 Kd7 1/2-1/2

[Event "Montreal Mercredi 02"]
[Site "Montreal"]
[Date "2019.02.20"]
[Round "1"]
[White "Bernardi, Felipe"]
[Black "Nica, Ion"]
[Result "0-1"]
[WhiteElo "1637"]
[BlackElo "1660"]
[PlyCount "40"]
[EventDate "2019.02.20"]
[EventType "swiss"]
[EventRounds "5"]
[EventCountry "CAN"]
[SourceTitle "EXT 2022"]
[Source "ChessBase"]
[SourceDate "2021.10.06"]
[SourceVersion "1"]
[SourceVersionDate "2021.10.06"]
[SourceQuality "1"]

1. d4 e6 2. Nf3 f5 3. c4 Nf6 4. g3 Be7 5. Bg2 0-0 6. 0-0 d6 7. Nc3 a5 8. Re1 Ne4 9. Qc2 Nxc3 10. bxc3 Bf6 11. a4 e5 12. dxe5 dxe5 13. Rd1 Qe8 14. Bg5 Bxg5 15. Nxg5 h6 16. Nf7 Kh7 17. Bxb7 Bxb7 18. Qxf5+ g6 19. Qb1 Qc6 20. Qxg6+ Qxg6 0-1

[Event "Montreal Mercredi 05"]
[Site "Montreal"]
[Date "2018.05.30"]
[Round "4"]
[White "Giurgiev, Silvius"]
[Black "Nica, Ion"]
[Result "0-1"]
[WhiteElo "1605"]
[BlackElo "1633"]
[PlyCount "98"]
[EventDate "2018.05.09"]
[EventType "swiss"]
[EventRounds "5"]
[EventCountry "CAN"]
[SourceTitle "EXT 2022"]
[Source "ChessBase"]
[SourceDate "2021.10.06"]
[SourceVersion "1"]
[SourceVersionDate "2021.10.06"]
[SourceQuality "1"]

1. e4 e5 2. Nf3 Nf6 3. Nxe5 d6 4. Nf3 Nxe4 5. Qe2 Qe7 6. d3 Nf6 7. Bg5 Qxe2+ 8. Bxe2 Be7 9. Nc3 0-0 10. 0-0 Na6 11. Rfe1 Bd7 12. a3 Rfe8 13. h3 h6 14. Bh4 Nc5 15. Nd4 g5 16. Bg3 a6 17. Bf3 Rab8 18. b4 Ne6 19. Nf5 Bf8 20. Ne2 h5 21. Ne3 Ng7 22. Nd5 Nxd5 23. Bxd5 Nf5 24. c3 Bg7 25. Bh2 Be6 26. Bf3 h4 27. Rac1 Re7 28. Bg4 Rbe8 29. Kf1 Bf6 30. Bg1 Bc8 31. Bh2 Kg7 32. f3 Ne3+ 33. Kf2 Bxg4 34. hxg4 Nxg2 35. Kxg2 Rxe2+ 36. Kf1 Rxe1+ 37. Rxe1 Rxe1+ 38. Kxe1 Bxc3+ 39. Ke2 b5 40. f4 Bb2 41. Kd2 Bxa3 42. Kc3 Bc1 43. fxg5 Bxg5 44. Kd4 Bd2 45. Kd5 Bxb4 46. Kc6 Ba5 47. Kb7 b4 48. Bf4 b3 49. Bc1 Bc3 0-1

[Event "Montreal Mercredi 05"]
[Site "Montreal"]
[Date "2018.05.23"]
[Round "3"]
[White "Millette, Sylvain"]
[Black "Nica, Ion"]
[Result "1/2-1/2"]
[WhiteElo "1657"]
[BlackElo "1633"]
[PlyCount "50"]
[EventDate "2018.05.09"]
[EventType "swiss"]
[EventRounds "5"]
[EventCountry "CAN"]
[SourceTitle "EXT 2022"]
[Source "ChessBase"]
[SourceDate "2021.10.06"]
[SourceVersion "1"]
[SourceVersionDate "2021.10.06"]
[SourceQuality "1"]

1. e4 c5 2. d4 cxd4 3. c3 dxc3 4. Nxc3 Nc6 5. Bc4 d6 6. Nf3 a6 7. 0-0 Nf6 8. Qe2 Bg4 9. Rd1 Bxf3 10. Qxf3 Ne5 11. Qe2 Nxc4 12. Qxc4 Qc8 13. Qe2 e5 14. Bg5 Qg4 15. Qxg4 Nxg4 16. Nd5 Rc8 17. Rac1 Rc6 18. Rxc6 bxc6 19. Nc7+ Kd7 20. Nxa6 Be7 21. Nc5+ Ke8 22. Bxe7 Kxe7 23. Nd3 Nf6 24. f3 Ra8 25. a3 c5 1/2-1/2

[Event "Montreal Mont Royal op"]
[Site "Montreal"]
[Date "2017.07.24"]
[Round "3"]
[White "Nica, Ion"]
[Black "Durette, Francis"]
[Result "0-1"]
[WhiteElo "1743"]
[BlackElo "2028"]
[PlyCount "144"]
[EventDate "2017.07.22"]
[EventType "swiss"]
[EventRounds "9"]
[EventCountry "CAN"]
[SourceTitle "CBM 179 Extra"]
[Source "ChessBase"]
[SourceDate "2017.08.23"]
[SourceVersion "1"]
[SourceVersionDate "2017.08.23"]
[SourceQuality "1"]

1. d4 Nf6 2. Nc3 g6 3. Bg5 Bg7 4. Qd2 d6 5. e4 0-0 6. Bc4 Nc6 7. f3 Na5 8. Bd3 c5 9. dxc5 dxc5 10. e5 Nd7 11. f4 f6 12. exf6 exf6 13. Bh4 Re8+ 14. Nge2 Qb6 15. Bf2 f5 16. 0-0 Qd8 17. Rad1 a6 18. a4 Kh8 19. b3 Nf6 20. Bxc5 b6 21. Bf2 Bb7 22. b4 Nc6 23. b5 Nb4 24. bxa6 Nxa6 25. Bxa6 Bxa6 26. Qxd8 Raxd8 27. Rxd8 Rxd8 28. Bxb6 Re8 29. Re1 Ng4 30. Bf2 Rc8 31. h3 Nxf2 32. Kxf2 Bxc3 33. Nxc3 Rxc3 34. Re8+ Kg7 35. Re7+ Kh6 36. g4 fxg4 37. hxg4 Bc8 38. g5+ Kh5 39. Rxh7+ Kg4 40. Rg7 Bf5 41. a5 Kxf4 42. a6 Rxc2+ 43. Ke1 Ra2 44. a7 Kxg5 45. Re7 Kf6 46. Rc7 Ke6 47. Rg7 Kd6 48. Rf7 Kc6 49. Rf6+ Kb7 50. Rf7+ Ka8 51. Kf1 Rxa7 52. Rf8+ Kb7 53. Kf2 Ra3 54. Rf6 Kc7 55. Ke2 Kd7 56. Kf2 Ke7 57. Rb6 Kf7 58. Rc6 Kg7 59. Rb6 Kh6 60. Rd6 Kg5 61. Rd4 Bg4 62. Rd5+ Kh4 63. Rd4 Ra2+ 64. Ke1 Kg3 65. Rd3+ Bf3 66. Rb3 Re2+ 67. Kf1 Rd2 68. Rb1 Rd1+ 69. Rxd1 Bxd1 70. Kg1 Be2 71. Kh1 Kf2 72. Kh2 g5 0-1

[Event "Laval op"]
[Site "Laval"]
[Date "2017.06.25"]
[Round "5"]
[White "Nica, Ion"]
[Black "Vignalou, Joseph"]
[Result "1-0"]
[WhiteElo "1679"]
[BlackElo "1861"]
[PlyCount "34"]
[EventDate "2017.06.23"]
[EventType "swiss"]
[EventRounds "5"]
[EventCountry "CAN"]
[SourceTitle "CBM 179 Extra"]
[Source "ChessBase"]
[SourceDate "2017.08.23"]
[SourceVersion "1"]
[SourceVersionDate "2017.08.23"]
[SourceQuality "1"]

1. b3 c5 2. Bb2 Nc6 3. e3 d5 4. Bb5 Nf6 5. Nf3 Bd7 6. 0-0 e6 7. d3 Bd6 8. Bxc6 Bxc6 9. Ne5 Qc7 10. f4 0-0-0 11. Nd2 Be8 12. c4 Rg8 13. b4 Nd7 14. Nxd7 Bxd7 15. cxd5 Kb8 16. Ne4 exd5 17. Nxd6 Qxd6 1-0

[Event "Transcontinental Printanier ABCDEF"]
[Site "Montreal"]
[Date "2017.04.02"]
[Round "4"]
[White "Kozlov, Guennadi"]
[Black "Nica, Ion"]
[Result "1-0"]
[WhiteElo "1730"]
[BlackElo "1633"]
[PlyCount "87"]
[EventDate "2017.03.31"]
[EventType "swiss"]
[EventRounds "5"]
[EventCountry "CAN"]
[SourceTitle "EXT 2022"]
[Source "ChessBase"]
[SourceDate "2021.10.06"]
[SourceVersion "1"]
[SourceVersionDate "2021.10.06"]
[SourceQuality "1"]

1. e4 b6 2. d4 e6 3. Bd3 Bb7 4. Be3 c5 5. c3 cxd4 6. cxd4 Bb4+ 7. Nc3 Nf6 8. f3 0-0 9. a3 Be7 10. Nh3 Nc6 11. 0-0 Rc8 12. f4 h5 13. Nf2 g6 14. e5 Nh7 15. g4 h4 16. g5 Nxg5 17. fxg5 Bxg5 18. Qd2 Nxd4 19. Nfe4 Bxe3+ 20. Qxe3 Nf5 21. Qf4 b5 22. Nf6+ Kg7 23. Bxf5 Qb6+ 24. Rf2 exf5 25. Ncd5 Bxd5 26. Nxd5 Qd8 27. Rg2 Rc5 28. Nf6 Qb6 29. Kh1 h3 30. Rg3 Rh8 31. Qxf5 Qc6+ 32. Kg1 Rc1+ 33. Rxc1 Qxc1+ 34. Qf1 Qc5+ 35. Kh1 Qc6+ 36. Rf3 Rh4 37. Kg1 Rc4 38. Qxh3 Rc1+ 39. Kg2 Rc2+ 40. Kg3 Qc8 41. Qh7+ Kf8 42. Nd5 Rg2+ 43. Kxg2 Qc2+ 44. Kg3 1-0

[Event "Transcontinental Printanier ABCDEF"]
[Site "Montreal"]
[Date "2017.04.02"]
[Round "5"]
[White "Nica, Ion"]
[Black "Baran, Marius"]
[Result "1/2-1/2"]
[WhiteElo "1633"]
[BlackElo "1776"]
[PlyCount "49"]
[EventDate "2017.03.31"]
[EventType "swiss"]
[EventRounds "5"]
[EventCountry "CAN"]
[SourceTitle "EXT 2022"]
[Source "ChessBase"]
[SourceDate "2021.10.06"]
[SourceVersion "1"]
[SourceVersionDate "2021.10.06"]
[SourceQuality "1"]

1. d4 d5 2. c4 e6 3. Nc3 Nf6 4. Bg5 Nbd7 5. e3 c6 6. Nf3 Qa5 7. Nd2 Bb4 8. Qc2 0-0 9. Be2 dxc4 10. Bxf6 Nxf6 11. Nxc4 Qg5 12. Bf3 Rb8 13. h4 Qg6 14. Qxg6 hxg6 15. a3 Be7 16. Ne5 Bd6 17. Nc4 Bc7 18. b4 Bd7 19. Rd1 Nd5 20. Ne4 f6 21. Nc5 Bc8 22. Rc1 b6 23. Nd3 Bb7 24. Nd2 Rfe8 25. b5 1/2-1/2

[Event "Transcontinental Printanier ABCDEF"]
[Site "Montreal"]
[Date "2017.04.01"]
[Round "2"]
[White "Gauthier, Luc"]
[Black "Nica, Ion"]
[Result "1/2-1/2"]
[WhiteElo "1702"]
[BlackElo "1633"]
[PlyCount "64"]
[EventDate "2017.03.31"]
[EventType "swiss"]
[EventRounds "5"]
[EventCountry "CAN"]
[SourceTitle "EXT 2022"]
[Source "ChessBase"]
[SourceDate "2021.10.06"]
[SourceVersion "1"]
[SourceVersionDate "2021.10.06"]
[SourceQuality "1"]

1. e4 d5 2. exd5 Nf6 3. Nf3 Bg4 4. Be2 Nxd5 5. d4 e6 6. c4 Bb4+ 7. Bd2 Bxd2+ 8. Nbxd2 Nf4 9. g3 Nxe2 10. Qxe2 Nc6 11. 0-0-0 Nxd4 12. Qe4 f5 13. Qxd4 Qxd4 14. Nxd4 Bxd1 15. Rxd1 Kf7 16. N2f3 Kf6 17. Re1 Rhe8 18. Ne5 Rad8 19. Nb5 c6 20. Nc3 Rd4 21. f4 Red8 22. Rd1 Rxd1+ 23. Nxd1 g5 24. Nc3 h5 25. h4 gxh4 26. gxh4 Rg8 27. Ne2 Rg2 28. Nd4 Rf2 29. Ndf3 Rf1+ 30. Kc2 Rf2+ 31. Kc1 Rf1+ 32. Kc2 Rf2+ 1/2-1/2

[Event "Quebec-ch 50+"]
[Site "Montreal"]
[Date "2015.04.18"]
[Round "3"]
[White "Lamoureux, Yvon"]
[Black "Nica, Ion"]
[Result "1/2-1/2"]
[WhiteElo "1565"]
[BlackElo "1684"]
[PlyCount "90"]
[EventDate "2015.04.17"]
[EventType "swiss"]
[EventRounds "5"]
[EventCountry "CAN"]
[SourceTitle "EXT 2019"]
[Source "ChessBase"]
[SourceDate "2018.10.10"]
[SourceVersion "1"]
[SourceVersionDate "2018.10.10"]
[SourceQuality "1"]

1. e4 a6 2. d4 e6 3. Nf3 b5 4. Bd3 c5 5. c3 Bb7 6. 0-0 cxd4 7. cxd4 Bb4 8. a3 Ba5 9. b4 Bb6 10. Bb2 d5 11. e5 Nc6 12. Nbd2 g5 13. Nb3 g4 14. Nfd2 h5 15. Nc5 Bxc5 16. dxc5 Nh6 17. f4 Ne7 18. Bd4 Nef5 19. Nb3 Rg8 20. a4 Qh4 21. axb5 g3 22. h3 Ng4 23. bxa6 Bc8 24. b5 Nxd4 25. Nxd4 Nf2 26. Qf3 Nxh3+ 27. gxh3 g2 28. Qxg2 Rxg2+ 29. Kxg2 f5 30. b6 Kf7 31. Nf3 Qxf4 32. h4 Qg4+ 33. Kf2 Qb4 34. Rfc1 Rxa6 35. Bxa6 Bxa6 36. Rab1 Qa3 37. b7 f4 38. Re1 Qxc5+ 39. Kg2 Qc2+ 40. Kh1 Qf2 41. b8Q Qxf3+ 42. Kh2 Qg3+ 43. Kh1 Qxh4+ 44. Kg1 Qg3+ 45. Kh1 Qh3+ 1/2-1/2

[Event "Montreal Mercredi 11"]
[Site "Montreal"]
[Date "2014.12.03"]
[Round "3"]
[White "Nica, Ion"]
[Black "Millette, Sylvain"]
[Result "1-0"]
[WhiteElo "1680"]
[BlackElo "1735"]
[PlyCount "75"]
[EventDate "2014.11.19"]
[EventType "swiss"]
[EventRounds "5"]
[EventCountry "CAN"]
[SourceTitle "EXT 2022"]
[Source "ChessBase"]
[SourceDate "2021.10.06"]
[SourceVersion "1"]
[SourceVersionDate "2021.10.06"]
[SourceQuality "1"]

1. Nf3 Nf6 2. Nc3 d5 3. e3 g6 4. b3 Bg7 5. Bb2 0-0 6. Ne2 c5 7. Ng3 Nc6 8. Be2 Qc7 9. d4 cxd4 10. Nxd4 Qa5+ 11. Kf1 Bd7 12. Nb5 Nb4 13. a4 a6 14. Na3 Rac8 15. c4 Qd8 16. a5 dxc4 17. Nxc4 Bb5 18. Qb1 Nfd5 19. Bxg7 Kxg7 20. h4 e5 21. Qb2 f6 22. h5 Qe7 23. Rh4 Qe6 24. Bg4 f5 25. Bh3 Qf6 26. hxg6 Qxh4 27. Qxe5+ Kxg6 28. Bxf5+ Kh6 29. Bxc8 Rxf2+ 30. Kg1 Qf6 31. Nf5+ Rxf5 32. Bxf5 Qxe5 33. Nxe5 Nxe3 34. Be4 Nc6 35. Nf7+ Kg7 36. Nd6 Nd4 37. Nxb5 axb5 38. Bxb7 1-0

[Event "Montreal Mercredi 02"]
[Site "Montreal"]
[Date "2014.03.12"]
[Round "4"]
[White "Nica, Ion"]
[Black "Ostaci, Liviu"]
[Result "1/2-1/2"]
[WhiteElo "1597"]
[BlackElo "1601"]
[PlyCount "120"]
[EventDate "2014.02.19"]
[EventType "swiss"]
[EventRounds "5"]
[EventCountry "CAN"]
[SourceTitle "EXT 2022"]
[Source "ChessBase"]
[SourceDate "2021.10.06"]
[SourceVersion "1"]
[SourceVersionDate "2021.10.06"]
[SourceQuality "1"]

1. b3 d5 2. Nf3 Nf6 3. Bb2 c6 4. e3 Bg4 5. c4 e6 6. h3 Bxf3 7. Qxf3 Nbd7 8. cxd5 exd5 9. Bd3 Bd6 10. Bc2 Qe7 11. 0-0 0-0-0 12. a4 Kb8 13. a5 g5 14. Ba3 h5 15. Bxd6+ Qxd6 16. Qg3 Qe5 17. Qxe5+ Nxe5 18. d4 Ned7 19. b4 Ne4 20. Bxe4 dxe4 21. f3 exf3 22. Rxf3 Rh7 23. Nc3 g4 24. Rf4 gxh3 25. gxh3 Re8 26. e4 Re6 27. e5 f6 28. exf6 Rxf6 29. Raf1 Rg7+ 30. Kh2 Rfg6 31. Rf7 Rg2+ 32. Kh1 R2g3 33. Rxg7 Rxg7 34. Kh2 Kc7 35. Ne4 b6 36. Rf5 Re7 37. Rf4 Rg7 38. Nf6 Nxf6 39. Rxf6 bxa5 40. bxa5 Rd7 41. Rf5 h4 42. Rf4 Rh7 43. Kg2 Rh6 44. Kf3 Kb7 45. Rf5 Ka6 46. Ke4 Re6+ 47. Re5 Rh6 48. Kd3 Rg6 49. d5 cxd5 50. Rxd5 Rg3+ 51. Kc4 Rxh3 52. Kb4 Rh1 53. Rd6+ Kb7 54. Rd7+ Kb8 55. Kb5 Rg1 56. Rh7 Rg5+ 57. Ka6 Rg6+ 58. Kb5 a6+ 59. Kc5 Rg5+ 60. Kb6 Rg6+ 1/2-1/2

[Event "Montreal Mercredi 02"]
[Site "Montreal"]
[Date "2014.03.05"]
[Round "3"]
[White "Abdelaal, Ibrahim"]
[Black "Nica, Ion"]
[Result "1-0"]
[WhiteElo "1660"]
[BlackElo "1597"]
[PlyCount "119"]
[EventDate "2014.02.19"]
[EventType "swiss"]
[EventRounds "5"]
[EventCountry "CAN"]
[SourceTitle "EXT 2022"]
[Source "ChessBase"]
[SourceDate "2021.10.06"]
[SourceVersion "1"]
[SourceVersionDate "2021.10.06"]
[SourceQuality "1"]

1. e4 e5 2. d4 exd4 3. c3 dxc3 4. Bc4 cxb2 5. Bxb2 d5 6. exd5 Bb4+ 7. Nc3 Nf6 8. Nge2 0-0 9. 0-0 Ng4 10. Qd4 Qf6 11. Qxf6 Nxf6 12. Nb5 Na6 13. Bxf6 gxf6 14. Nf4 c6 15. dxc6 bxc6 16. Nd4 Bc3 17. Rad1 Nb4 18. a3 Bxd4 19. Rxd4 Nc2 20. Rd3 Bf5 21. Rg3+ Kh8 22. Nh5 Rg8 23. Bxf7 Rxg3 24. Nxg3 Bg6 25. Bxg6 hxg6 26. Rc1 Nd4 27. Rc5 Rd8 28. h3 f5 29. Kh2 Kg7 30. Nf1 Kf6 31. Ne3 g5 32. Nc2 Nxc2 33. Rxc6+ Ke5 34. Rxc2 Rd3 35. Rc5+ Ke6 36. Ra5 Rd7 37. a4 Rh7 38. g3 Rf7 39. Kg2 g4 40. hxg4 f4 41. gxf4 Rxf4 42. Rxa7 Rxg4+ 43. Kf3 Rb4 44. a5 Rb3+ 45. Kg4 Rb1 46. a6 Rg1+ 47. Kf4 Ra1 48. Ra8 Ra4+ 49. Kg3 Ra3+ 50. Kg4 Ra2 51. f4 Rg2+ 52. Kf3 Ra2 53. a7 Ra3+ 54. Kg4 Kf7 55. Rh8 Ra1 56. a8Q Rg1+ 57. Kf5 Rg5+ 58. fxg5 Ke7 59. Qd8+ Kf7 60. Rh7# 1-0

[Event "Montreal Mercredi 02"]
[Site "Montreal"]
[Date "2014.02.26"]
[Round "2"]
[White "Nica, Ion"]
[Black "Lamoureux, Yvon"]
[Result "1-0"]
[WhiteElo "1597"]
[BlackElo "1609"]
[PlyCount "77"]
[EventDate "2014.02.19"]
[EventType "swiss"]
[EventRounds "5"]
[EventCountry "CAN"]
[SourceTitle "EXT 2022"]
[Source "ChessBase"]
[SourceDate "2021.10.06"]
[SourceVersion "1"]
[SourceVersionDate "2021.10.06"]
[SourceQuality "1"]

1. d4 Nf6 2. Nf3 c5 3. c3 cxd4 4. cxd4 d5 5. Qc2 g6 6. Bf4 Bg7 7. e3 Nc6 8. h4 Bf5 9. Qb3 Qb6 10. Qxb6 axb6 11. Na3 0-0 12. Bc7 Nd7 13. h5 Nb4 14. Bb5 Rfc8 15. Bxd7 Bxd7 16. Bxb6 Nd3+ 17. Kd2 Nxb2 18. Rhb1 Na4 19. Nc2 Bf5 20. Nfe1 Rc6 21. h6 Bf6 22. Ba5 Rxa5 23. Rxb7 Nc3 24. Nb4 Rc8 25. f3 Rb5 26. Rxb5 Nxb5 27. Nxd5 Be6 28. Nxf6+ exf6 29. Nd3 Kf8 30. Nc5 Ke7 31. a4 Nc7 32. e4 Ra8 33. d5 Bc8 34. Rb1 Kd6 35. Rc1 Na6 36. Nxa6 Bxa6 37. Rc6+ Ke5 38. Ke3 g5 39. g3 1-0

[Event "Montreal Mercredi 02"]
[Site "Montreal"]
[Date "2014.02.19"]
[Round "1"]
[White "Zumsteg, Nicolas"]
[Black "Nica, Ion"]
[Result "0-1"]
[WhiteElo "1674"]
[BlackElo "1597"]
[PlyCount "111"]
[EventDate "2014.02.19"]
[EventType "swiss"]
[EventRounds "5"]
[EventCountry "CAN"]
[SourceTitle "EXT 2022"]
[Source "ChessBase"]
[SourceDate "2021.10.06"]
[SourceVersion "1"]
[SourceVersionDate "2021.10.06"]
[SourceQuality "1"]

1. e4 c5 2. Nf3 Nc6 3. d4 cxd4 4. Nxd4 g6 5. Nc3 Bg7 6. Be3 Nf6 7. Bc4 0-0 8. h3 Nxe4 9. Nxe4 d5 10. Nxc6 bxc6 11. Bd3 dxe4 12. Bxe4 Bxb2 13. Qxd8 Rxd8 14. Bxc6 Rb8 15. Rd1 Ba6 16. Rxd8+ Rxd8 17. f3 Bc4 18. a4 a5 19. Bd2 Be5 20. f4 Bc7 21. Be3 Rb8 22. Kd2 Rd8+ 23. Kc3 Ba6 24. Re1 Rc8 25. Kd2 Bd6 26. Bb5 Bb4+ 27. Kd1 Bxe1 28. Bxa6 Ra8 29. Bb5 Bb4 30. c4 Rc8 31. Kc2 Kf8 32. Bd4 f6 33. Bc3 Bxc3 34. Kxc3 e5 35. fxe5 fxe5 36. Kd3 Ke7 37. Ke4 Kd6 38. g3 h6 39. h4 Ke6 40. g4 Rd8 41. c5 Rd4+ 42. Kf3 Rf4+ 43. Kg3 Kd5 44. c6 Kd6 45. Bd3 g5 46. hxg5 hxg5 47. Bb5 e4 48. Kh3 Rf3+ 49. Kg2 Rc3 50. Kf2 Ke5 51. Ke1 Kf4 52. Be2 Rxc6 53. Kd2 Rc5 54. Ke1 Rc2 55. Kd1 Rxe2 56. Kxe2 0-1